Zázrak vášho ducha kniha o odhalení duševného života a jeho premene : [autora bestselleru Moc nášho podvedomia]

Bibliographic Details
Main Author: Murphy, Joseph, 1898-1981 (Author)
Other Authors: Sýkorová, Monika (Translator)
Format: Book
Language:Slovak
German
PhysicalDescription:215 s. 20 cm
Published: [Bratislava] Aktuell c2004
ISBN:8088733782
Edition:[1. vyd.]
Subjects:

MARC

LEADER 00000cam a2200000 a 4500
001 vtls001486803
003 SK-MaSNL
005 20260302073747.0
008 240314s2004 xo g 000 0 slo
020 |a 8088733782  |q (viaz.) 
035 |a SNK000442095 
035 |a urn:nbn:sk:snk-amjdsk 
035 |a urn:nbn:sk:snk-am003efd 
035 |a 3C67073D-C1AD-4301-AED8-CB5562F6B904 
040 |a SNK  |b slo  |c SNK  |e AACR2 
041 1 |a slo  |h ger 
044 |a xo  |c SK 
072 7 |a 159.92  |x Vývinová psychológia. Psychológia osobnosti  |2 konspekt 
080 |a 27-14  |2 1997 
080 |a 159.923.5  |2 1997 
080 |a 159.913  |2 1997 
080 |a 27-584  |2 1997 
080 |a (0.062)  |2 1997 
100 1 |a Murphy, Joseph,  |d 1898-1981  |4 aut  |9 120609 
240 1 4 |a Das Wunder ihres Geistes  |l Slovensky 
245 1 0 |a Zázrak vášho ducha  |b kniha o odhalení duševného života a jeho premene : [autora bestselleru Moc nášho podvedomia]  |c Joseph Murphy ; [preklad Monika Sýkorová] 
250 |a [1. vyd.] 
260 |a [Bratislava]  |b Aktuell  |c c2004 
300 |a 215 s.  |c 20 cm 
500 |a Miesto vyd. podľa ISBN 
650 0 7 |a Boh  |2 SNKPH  |9 2070 
650 0 7 |a pozitívne myslenie  |2 SNKPH  |9 4009 
650 0 7 |a duševné zdravie  |2 SNKPH  |9 2573 
650 0 7 |a duchovný život  |2 SNKPH  |9 1807 
655 7 |a populárno-náučné publikácie  |2 SNKPH  |9 70460 
700 1 |a Sýkorová, Monika  |4 trl  |9 6836 
919 |a 80-88733-78-2 
958 |a OP 
968 |b DT 
999 |c 1162250  |d 1164180 
952 |t P60, <03>, [BOOK], {603}, -K-  |a SNK  |b SNK  |y PREZ  |7 0  |p 17A0453766  |o snkSD 74413  |i snkKSP 15633/2004  |0 0  |1 0  |4 0  |d 2004-12-08  |l 0  |r 2005-01-02 00:00:00  |w 2026-02-24 
952 |t P60, <04>, [BOOK], {604}  |a SNK  |b SNK  |y VYP  |7 0  |p 17A0453792  |o snkSD 74413 D1  |i snkKSP 15634/2004  |0 0  |1 0  |4 0  |d 2004-12-08  |f 1  |l 0  |r 2005-01-02 00:00:00  |w 2026-02-24